| 000 | 00774nam a2200241 i 4500 | ||
|---|---|---|---|
| 001 | 183560 | ||
| 003 | ES-MaACL | ||
| 005 | 20250912063056.0 | ||
| 008 | 140721s2014 sp af |||| | spa d | ||
| 020 | _a9788461687589 | ||
| 080 | _a821.134.2-1"19" | ||
| 100 | 1 |
_aVilanova, Manuel, _d1944- _9155024 |
|
| 245 | 1 | 0 |
_aQuerido valle de lágrimas / _cManuel Vilanova. |
| 250 | _a1ª ed. | ||
| 260 |
_aSantiago de Compostela : _bFollas Novas, _c2014. |
||
| 300 |
_a200 p. : _bil. col. ; _c22 cm. |
||
| 490 | 1 |
_aLos libros del caracol ; _v24 |
|
| 830 | 0 |
_aLos libros del caracol ; _v24 _9186854 |
|
| 852 |
_aES-MaACL _jA-13170 _9190502 _bR.150111 _cDEPO1 _dOlim: N-6170 |
||
| 942 |
_2udc _cMONOGRAFIA |
||
| 999 |
_c183560 _d183560 |
||